UBT Library

Negotiation excellence : (Record no. 1053)

000 -LEADER
fixed length control field 00532nam a22001817a 4500
008 - FIXED-LENGTH DATA ELEMENTS--GENERAL INFORMATION
fixed length control field 150617b xxu||||| |||| 00| 0 eng d
020 ## - INTERNATIONAL STANDARD BOOK NUMBER
International Standard Book Number 9789814343169
020 ## - INTERNATIONAL STANDARD BOOK NUMBER
International Standard Book Number 9814343161
041 0# - LANGUAGE CODE
Language code of text/sound track or separate title eng
080 ## - UNIVERSAL DECIMAL CLASSIFICATION NUMBER
Universal Decimal Classification number 658.4
245 00 - TITLE STATEMENT
Title Negotiation excellence :
Statement of responsibility, etc editor, Michael Benoliel.
260 ## -
-- Hackensack, NJ :
-- World Scientific,
-- 2011.
300 ## -
-- 479 f.:
-- me il.;
-- 24 cm.
505 ## -
-- References: f. 417-469
505 ## -
-- Index: f. 473-479
650 #0 -
-- Negocimi në biznes
942 ## - ADDED ENTRY ELEMENTS (KOHA)
Source of classification or shelving scheme
Item type Books
Holdings
Withdrawn status Lost status Source of classification or shelving scheme Damaged status Not for loan Collection code Permanent location Current location Shelving location Date acquired Total Checkouts Full call number Date last seen Price effective from Koha item type
          Koleksioni i përgjithshem UBT - Prishtine UBT - Prishtine Koleksioni i përgjithshem 06/17/2015   658.4 BEN 06/17/2015 06/17/2015 Books
UBT Library © 2015-2024. All rights reserved University Education for Business and Technology